000 00980nam a22002657a 4500
999 _c157573
_d157573
003 dpl
005 20180922124115.0
008 180919b ||||| |||| 00| 0 eng d
010 _aB-001005
020 _c250.00
035 _aB-001005, B-000980
037 _bBPPD/PUB
040 _aDPL
_bHN
_c0
082 _a
_bमिथिले
100 _aमिथिलेश्वर
_943304
245 _aयह अंत नहीं /
_cमिथिलेश्वर
260 _aनयी दिल्ली
_bप्रकाश
_c2000
270 _a24, अंसारी रोड, दरयागंज
_bनयी दिल्ली
_e110002
300 _a391पृष्ठ.
_c22सेमी(सजिल्द)
650 _aहिंदी साहित्य
_985054
650 _aहिंदी उपन्यास
_985055
650 _aHindi literature
_985056
650 _aHindi novel
_985057
942 _2ddc
_cHN
_h
_mमिथिले